[Event "GER-ch 65th"]
[Site "Bad Wildbad"]
[Date "1993.??.??"]
[Round "2"]
[White "Nagendra, Rentala"]
[Black "Vatter, Hans Joachim"]
[Result "1-0"]
[WhiteElo "2315"]
[BlackElo "2320"]
[EventDate "1993.11.??"]
[PlyCount "89"]

1. c4 e5 2. Nc3 Bb4 3. g3 Nf6 4. Bg2 O-O 5. Nf3 Re8 6. O-O Bxc3 7. bxc3 d6 8. d3 Nc6 9. Rb1 Rb8 10. Ne1 Bd7 11. Nc2 a6 12. Nb4 h6 13. Nd5 b5 14. cxb5 axb5 15. Bd2 Nxd5 16. Bxd5 Ne7 17. Bg2 Qc8 18. Qc2 Bh3 19. Bxh3 Qxh3 20. Rb2 c6 21. Rfb1 Ra8 22. c4 Nf5 23. cxb5 Nd4 24. Qd1 Nxb5 25. a4 Nd4 26. Be1 d5 27. Bc3 Nf5 28. Rb6 c5 29. a5 d4 30. Bd2 Ne7 31. R6b5 Rec8 32. Rc1 e4 33. Rcxc5 Rxc5 34. Rxc5 Qe6 35. Qc2 e3 36. fxe3 dxe3 37. Be1 Rb8 38. Kg2 g5 39. h3 Qf6 40. Qc3 Qe6 41. Qe5 Rb1 42. Bc3 Qxe5 43. Rxe5 Kf8 44. Kf3 f6 45. Rc5 1-0

[Event "GER-ch 65th"]
[Site "Bad Wildbad"]
[Date "1993.??.??"]
[Round "2"]
[White "Pirrot, Dieter"]
[Black "Bezold, Michael"]
[Result "1/2-1/2"]
[WhiteElo "2400"]
[BlackElo "2490"]
[EventDate "1993.11.??"]
[PlyCount "37"]

1. e4 d6 2. d4 g6 3. Nc3 Bg7 4. Bc4 Nf6 5. Qe2 e5 6. dxe5 dxe5 7. Nf3 Qe7 8. h3 O-O 9. Bg5 c6 10. Qe3 b5 11. Bb3 Nbd7 12. a4 b4 13. Nb1 Nc5 14. Nbd2 Re8 15. O-O Ne6 16. Bxe6 Qxe6 17. Qc5 a5 18. Rfe1 Nd7 19. Qc4 1/2-1/2

[Event "GER-ch 65th"]
[Site "Bad Wildbad"]
[Date "1993.??.??"]
[Round "2"]
[White "Raupp, Thomas"]
[Black "Stolz, Mike"]
[Result "1-0"]
[WhiteElo "2360"]
[BlackElo "2280"]
[EventDate "1993.11.??"]
[PlyCount "105"]

1. d4 Nf6 2. c4 g6 3. g3 Bg7 4. Bg2 O-O 5. Nf3 d6 6. O-O Nbd7 7. Nc3 e5 8. e4 c6 9. Qc2 a5 10. h3 Qe7 11. Be3 exd4 12. Nxd4 Re8 13. Rfe1 Nc5 14. Rad1 Nfd7 15. b3 Qf8 16. Re2 Nb6 17. Red2 Bh6 18. f4 f5 19. Nde2 Ra6 20. Rxd6 Nxe4 21. Nxe4 fxe4 22. Nc3 Bg7 23. c5 Na8 24. Nxe4 Nc7 25. Bd4 Bxd4+ 26. R6xd4 Bf5 27. g4 Bxe4 28. Rxe4 Rxe4 29. Qxe4 Qxc5+ 30. Kh2 Ra8 31. Rd7 Re8 32. Qc4+ Ne6 33. Rxb7 Qxc4 34. bxc4 Nxf4 35. Bxc6 Re3 36. Rb8+ Kg7 37. Rb7+ Kh6 38. Rb3 Re2+ 39. Kg3 Ne6 40. Ra3 a4 41. Bxa4 Nd4 42. c5 Re5 43. Rd3 Ne2+ 44. Kf2 Nf4 45. Rc3 Rxc5 46. Rxc5 Nd3+ 47. Ke3 Nxc5 48. Bb3 Kg5 49. Kd4 Na6 50. a4 h5 51. gxh5 gxh5 52. Bc4 Nb8 53. Bb5 1-0

[Event "GER-ch 65th"]
[Site "Bad Wildbad"]
[Date "1993.??.??"]
[Round "2"]
[White "Schwarz, Michael"]
[Black "Michaelsen, Nils"]
[Result "1/2-1/2"]
[WhiteElo "2405"]
[BlackElo "2435"]
[EventDate "1993.11.??"]
[PlyCount "28"]

1. Nf3 Nf6 2. d4 g6 3. g3 Bg7 4. Bg2 d5 5. O-O O-O 6. c4 c6 7. Qb3 a5 8. Nc3 a4 9. Nxa4 dxc4 10. Qd1 Bf5 11. Nc3 Ne4 12. Nh4 Nxc3 13. bxc3 Bc8 14. Nf3 Qa5 1/2-1/2

[Event "GER-ch 65th"]
[Site "Bad Wildbad"]
[Date "1993.??.??"]
[Round "2"]
[White "Seils, Joerg"]
[Black "Luther, Thomas"]
[Result "0-1"]
[WhiteElo "2355"]
[BlackElo "2480"]
[EventDate "1993.11.??"]
[PlyCount "114"]

1. e4 c6 2. d4 d5 3. Nd2 dxe4 4. Nxe4 Bf5 5. Ng3 Bg6 6. Nf3 Nd7 7. h4 h6 8. h5 Bh7 9. Bd3 Bxd3 10. Qxd3 e6 11. Bd2 Ngf6 12. O-O-O Be7 13. Kb1 Rc8 14. Ne4 c5 15. Nxf6+ Nxf6 16. Qb5+ Qd7 17. Qxd7+ Nxd7 18. Bc3 cxd4 19. Nxd4 Nf6 20. Nb5 a6 21. Bxf6 gxf6 22. Nd6+ Bxd6 23. Rxd6 Rg8 24. g3 Rg5 25. Kc1 Ke7 26. Rd4 Rcc5 27. Rhd1 Rc7 28. Rh4 Re5 29. c3 f5 30. Rhd4 Re4 31. f3 Re3 32. R1d3 Re2 33. Rd2 Re3 34. R2d3 Rxd3 35. Rxd3 f4 36. g4 Kf6 37. Rd8 Kg5 38. Rg8+ Kh4 39. Kd2 Rc5 40. Rh8 Kg3 41. Rxh6 Kxf3 42. Rf6 Rd5+ 43. Kc2 Kxg4 44. h6 Rh5 45. Kd3 Kf3 46. Rxf7 Rxh6 47. Re7 b6 48. c4 a5 49. b3 Rf6 50. a3 Kg2 51. Rg7+ Kf1 52. b4 f3 53. c5 f2 54. Kd2 bxc5 55. bxa5 e5 56. Ke3 Ke1 57. Rb7 Rf3+ 0-1

[Event "GER-ch 65th"]
[Site "Bad Wildbad"]
[Date "1993.??.??"]
[Round "2"]
[White "Sieglen, Joachim"]
[Black "Rausch, Stephan"]
[Result "1-0"]
[WhiteElo "2415"]
[BlackElo "2315"]
[EventDate "1993.11.??"]
[PlyCount "57"]

1. c4 e6 2. Nf3 d5 3. g3 c6 4. b3 f5 5. Bg2 Nf6 6. O-O Be7 7. Bb2 O-O 8. d3 Bd7 9. Nbd2 Be8 10. Qc2 Bh5 11. a3 Qe8 12. e4 fxe4 13. dxe4 Nbd7 14. Nd4 Nc5 15. b4 e5 16. bxc5 exd4 17. cxd5 Be2 18. d6 Bd8 19. Bxd4 Bxf1 20. Rxf1 Ng4 21. f4 Kh8 22. e5 h5 23. Qe4 Rb8 24. e6 Bf6 25. Nf3 b6 26. e7 Rf7 27. Ng5 Bxg5 28. fxg5 Rxf1+ 29. Bxf1 1-0

[Event "GER-ch 65th"]
[Site "Bad Wildbad"]
[Date "1993.??.??"]
[Round "2"]
[White "Voekler, Bernd"]
[Black "Riegler, Dieter"]
[Result "1/2-1/2"]
[WhiteElo "2335"]
[BlackElo "2240"]
[EventDate "1993.11.??"]
[PlyCount "35"]

1. e4 c5 2. Nf3 d6 3. d4 cxd4 4. Nxd4 Nf6 5. Nc3 a6 6. Bc4 e6 7. O-O b5 8. Bb3 Be7 9. Be3 O-O 10. f4 b4 11. e5 bxc3 12. exf6 Bxf6 13. bxc3 Qc7 14. Qd2 Nd7 15. f5 Nc5 16. fxe6 fxe6 17. Rae1 Bd7 18. Bf2 1/2-1/2

[Event "GER-ch 65th"]
[Site "Bad Wildbad"]
[Date "1993.??.??"]
[Round "2"]
[White "Zude, Arno"]
[Black "Gutman, Lev"]
[Result "1/2-1/2"]
[WhiteElo "2440"]
[BlackElo "2450"]
[EventDate "1993.11.??"]
[PlyCount "107"]

1. e4 c5 2. Nf3 d6 3. d4 cxd4 4. Nxd4 Nf6 5. Nc3 a6 6. f4 Qc7 7. Nf3 Bg4 8. h3 Bxf3 9. Qxf3 e6 10. Bd3 Nc6 11. Be3 Rc8 12. O-O Be7 13. Qf2 O-O 14. Kh1 Nb4 15. a3 Nxd3 16. cxd3 b5 17. Rfc1 Qb7 18. a4 b4 19. Ne2 Nd7 20. b3 a5 21. Ng1 Qa6 22. Qd2 e5 23. Ne2 Nf6 24. Rab1 Rfd8 25. Kg1 g6 26. Bf2 Nh5 27. Be3 exf4 28. Nxf4 Nxf4 29. Bxf4 d5 30. Rxc8 Qxc8 31. Rc1 Qe6 32. Bc7 Rd7 33. Qc2 Bg5 34. Rd1 Qa6 35. Bg3 Rd8 36. Qc5 Qe6 37. Qxa5 Be7 38. Bc7 Rd7 39. e5 d4 40. Rb1 Qc6 41. Bd6 Bxd6 42. exd6 Qxd6 43. Re1 Rc7 44. Qa8+ Kg7 45. Qb8 h5 46. a5 Qg3 47. Qxb4 Rc2 48. Qxd4+ Kh7 49. Qe4 Rxg2+ 50. Qxg2 Qxe1+ 51. Qf1 Qe3+ 52. Kg2 Qg5+ 53. Kh2 Qe5+ 54. Kg2 1/2-1/2

[Event "GER-ch 65th"]
[Site "Bad Wildbad"]
[Date "1993.??.??"]
[Round "3"]
[White "Bastian, Herbert"]
[Black "Uhlmann, Wolfgang"]
[Result "1-0"]
[WhiteElo "2300"]
[BlackElo "2510"]
[EventDate "1993.11.??"]
[PlyCount "129"]

1. d4 Nf6 2. g3 g6 3. Bg2 Bg7 4. e4 O-O 5. Ne2 c5 6. c3 d6 7. O-O Nbd7 8. a4 Rb8 9. Na3 a6 10. Nc4 Qc7 11. e5 dxe5 12. dxe5 Ng4 13. f4 b5 14. axb5 axb5 15. Na5 Rb6 16. h3 Nh6 17. b4 f6 18. Be3 Ra6 19. e6 Nf5 20. Bf2 Nb6 21. g4 cxb4 22. cxb4 Nd6 23. Rc1 Nbc4 24. Nd4 f5 25. Nxb5 Qb8 26. Nxc4 Nxb5 27. gxf5 gxf5 28. Ne5 Bxe6 29. Nc6 Qe8 30. Qe2 Nc7 31. Nxe7+ Qxe7 32. Rxc7 Qxc7 33. Qxa6 Bc8 34. Qa2+ Kh8 35. Bc5 Re8 36. Qd5 Ba6 37. Rf2 Qc8 38. Kh2 Rd8 39. Qf7 Bd3 40. Ra2 Qb8 41. Kg3 Bc3 42. Ra8 Rg8+ 43. Qxg8+ Qxg8+ 44. Rxg8+ Kxg8 45. Bc6 Be1+ 46. Kf3 Kf7 47. b5 Ke6 48. b6 Ba5 49. Ke3 Bf1 50. h4 Ba6 51. b7 Bxb7 52. Bxb7 h5 53. Bc8+ Kf6 54. Bd4+ Kg6 55. Bd7 Bd8 56. Be8+ Kh6 57. Bc5 Bxh4 58. Bf8+ Kh7 59. Bxh5 Bf6 60. Bf7 Bb2 61. Bd6 Kg7 62. Be6 Kf6 63. Bc8 Bc3 64. Kd3 Bb2 65. Kc4 1-0

[Event "GER-ch 65th"]
[Site "Bad Wildbad"]
[Date "1993.??.??"]
[Round "3"]
[White "Beikert, Guenther"]
[Black "Zude, Arno"]
[Result "0-1"]
[WhiteElo "2415"]
[BlackElo "2440"]
[EventDate "1993.11.??"]
[PlyCount "80"]

1. e4 e5 2. Nf3 Nc6 3. Bb5 a6 4. Bxc6 dxc6 5. O-O Qd6 6. Na3 b5 7. c3 c5 8. Nc2 Bb7 9. Qe2 c4 10. Nb4 Rd8 11. b3 Nf6 12. bxc4 bxc4 13. Qxc4 c5 14. Nd5 Nxd5 15. exd5 Bxd5 16. Qa4+ Bc6 17. Qxa6 f6 18. Nh4 Qd7 19. Re1 Kf7 20. Nf5 Bb5 21. Qb6 g6 22. a4 Ra8 23. Ba3 Bxa4 24. Ng3 Be7 25. Reb1 Bc2 26. Qb7 Rhd8 27. Qxd7 Rxd7 28. Rc1 Bd3 29. c4 Rda7 30. Rc3 e4 31. f3 f5 32. fxe4 fxe4 33. Nxe4 Bxe4 34. Rf1+ Kg7 35. Bb2 Rb7 36. Rb3+ Kg8 37. Rxb7 Bxb7 38. d4 Ra2 39. Rf2 Bh4 40. Rd2 Bf6 0-1

[Event "GER-ch 65th"]
[Site "Bad Wildbad"]
[Date "1993.??.??"]
[Round "3"]
[White "Bezold, Michael"]
[Black "Schwarz, Michael"]
[Result "1/2-1/2"]
[WhiteElo "2490"]
[BlackElo "2405"]
[EventDate "1993.11.??"]
[PlyCount "60"]

1. e4 d6 2. d4 Nf6 3. f3 e5 4. dxe5 dxe5 5. Qxd8+ Kxd8 6. Bc4 Ke8 7. Be3 Nbd7 8. Nd2 Bc5 9. Ke2 Ke7 10. Nh3 Bxe3 11. Kxe3 Nc5 12. Nf2 Rd8 13. b4 Ne6 14. c3 Ne8 15. g3 Nd6 16. Nd3 f6 17. f4 exf4+ 18. gxf4 g6 19. Bb3 a5 20. h4 a4 21. Bxe6 Bxe6 22. a3 Nb5 23. c4 Nd4 24. Rac1 Nb3 25. Rc3 Nxd2 26. Kxd2 Rd4 27. Ke3 Rxc4 28. Rhc1 Rxc3 29. Rxc3 c6 30. Kd4 Rd8+ 1/2-1/2

[Event "GER-ch 65th"]
[Site "Bad Wildbad"]
[Date "1993.??.??"]
[Round "3"]
[White "Guenthner, Oliver"]
[Black "Seils, Joerg"]
[Result "1/2-1/2"]
[WhiteElo "2260"]
[BlackElo "2355"]
[EventDate "1993.11.??"]
[PlyCount "89"]

1. Nf3 Nf6 2. g3 d5 3. Bg2 c6 4. d3 g6 5. O-O Bg7 6. Nbd2 O-O 7. c3 Nbd7 8. Qc2 Re8 9. e4 e5 10. Nb3 Qc7 11. h3 a5 12. a4 b6 13. Nh2 Ba6 14. Rd1 Rad8 15. c4 dxc4 16. dxc4 Nf8 17. c5 Rxd1+ 18. Qxd1 Rd8 19. Qe1 Ne6 20. Bd2 Rd3 21. Nc1 Rd7 22. Nb3 Bf8 23. Be3 Nxc5 24. Nxc5 bxc5 25. Bd2 Qb8 26. Bxa5 c4 27. Bc3 Bc5 28. Nf3 Re7 29. Bf1 Ne8 30. Rd1 f6 31. b4 Bb6 32. Qd2 Kg7 33. Kg2 Bc7 34. Qa2 Nd6 35. Nd2 Qa7 36. Re1 Bb6 37. Nxc4 Nxc4 38. Bxc4 Bxc4 39. Qxc4 Qxa4 40. Bd2 Rd7 41. Be3 Bxe3 42. Rxe3 Qb5 43. Qe6 Rf7 44. Qd6 Qc4 45. g4 1/2-1/2

[Event "GER-ch 65th"]
[Site "Bad Wildbad"]
[Date "1993.??.??"]
[Round "3"]
[White "Gutman, Lev"]
[Black "Raupp, Thomas"]
[Result "1-0"]
[WhiteElo "2450"]
[BlackElo "2360"]
[EventDate "1993.11.??"]
[PlyCount "131"]

1. d4 d5 2. c4 e6 3. Nc3 Be7 4. cxd5 exd5 5. Bf4 c6 6. e3 Bd6 7. Bxd6 Qxd6 8. Bd3 Ne7 9. Qb3 O-O 10. Nge2 Nd7 11. O-O Nf6 12. Ng3 h5 13. f3 h4 14. Nh1 Bf5 15. Rad1 Bxd3 16. Rxd3 b6 17. Nf2 c5 18. dxc5 bxc5 19. Qa3 Rfc8 20. Rc1 Qe6 21. Ne2 c4 22. Rdd1 Nf5 23. Nd4 Nxd4 24. Rxd4 Re8 25. Re1 Qb6 26. Qc3 Rab8 27. Re2 Qa6 28. Ng4 Nxg4 29. Rxg4 Qh6 30. h3 f5 31. Rd4 Rbd8 32. Qd2 Qe6 33. Rxh4 Qa6 34. Qc2 Rf8 35. Rf4 Qxa2 36. Rxf5 Rxf5 37. Qxf5 c3 38. Qc2 Qa1+ 39. Kh2 cxb2 40. Qxb2 Qa6 41. Rd2 Qd6+ 42. f4 a5 43. Qb5 Qb4 44. Qxb4 axb4 45. Kg3 Kf7 46. Kg4 Kf6 47. Rd4 Rb8 48. Rxd5 b3 49. Rd1 b2 50. Rb1 Ke6 51. e4 Rb3 52. h4 Kf6 53. h5 Ke6 54. e5 Ke7 55. Kf5 Kf7 56. g4 Rb8 57. Kg5 Rb6 58. f5 Rb4 59. h6 gxh6+ 60. Kxh6 Rb3 61. e6+ Kf6 62. g5+ Kxf5 63. e7 Re3 64. Rxb2 Rxe7 65. Rf2+ Kg4 66. g6 1-0

[Event "GER-ch 65th"]
[Site "Bad Wildbad"]
[Date "1993.??.??"]
[Round "3"]
[White "Haag, Martin"]
[Black "Movsziszian, Karen"]
[Result "1-0"]
[WhiteElo "2290"]
[BlackElo "2480"]
[EventDate "1993.11.??"]
[PlyCount "71"]

1. d4 Nf6 2. Nf3 g6 3. c4 Bg7 4. Nc3 O-O 5. e4 d6 6. Be2 Nbd7 7. O-O e5 8. Re1 c6 9. Bf1 h6 10. dxe5 dxe5 11. Qc2 Qc7 12. h3 Nc5 13. Be3 Ne6 14. Rad1 Nd7 15. b4 f5 16. c5 f4 17. Bc4 Nf6 18. Bc1 g5 19. Rd6 Re8 20. Qb3 Qe7 21. Nxe5 Kh7 22. Nf3 g4 23. hxg4 Nxg4 24. Ne2 b5 25. Bxe6 Bxe6 26. Qc2 Ne5 27. Ned4 Bg4 28. Nxe5 Qxe5 29. f3 Bh5 30. Nf5 Qxf5 31. exf5 Rxe1+ 32. Kh2 Rae8 33. f6+ Bg6 34. Qc3 Bf8 35. Rd7+ Kg8 36. Bxf4 1-0

[Event "GER-ch 65th"]
[Site "Bad Wildbad"]
[Date "1993.??.??"]
[Round "3"]
[White "Hickl, Joerg"]
[Black "Sieglen, Joachim"]
[Result "1-0"]
[WhiteElo "2570"]
[BlackElo "2415"]
[EventDate "1993.11.??"]
[PlyCount "35"]

1. e4 e5 2. Nf3 f5 3. d3 Nc6 4. exf5 Nf6 5. g3 d5 6. Bh3 e4 7. dxe4 Nxe4 8. Nh4 Bc5 9. Qh5+ Kf8 10. O-O Nf6 11. Qd1 b6 12. Nc3 d4 13. Bg2 Bb7 14. Ne2 Qd7 15. Bg5 Re8 16. Nf4 Kf7 17. Bxf6 Kxf6 18. Qg4 1-0

[Event "GER-ch 65th"]
[Site "Bad Wildbad"]
[Date "1993.??.??"]
[Round "3"]
[White "Knuth, Hannes"]
[Black "Espig, Lutz"]
[Result "1/2-1/2"]
[WhiteElo "2360"]
[BlackElo "2455"]
[EventDate "1993.11.??"]
[PlyCount "115"]

1. d4 Nf6 2. c4 d6 3. Nc3 Nbd7 4. Nf3 e5 5. e4 Be7 6. Be2 O-O 7. O-O c6 8. Qc2 a6 9. Rd1 Qc7 10. Bg5 Re8 11. Rac1 h6 12. Bh4 Nh7 13. Bxe7 Rxe7 14. b4 Nhf6 15. c5 dxc5 16. d5 Qb6 17. dxc6 bxc6 18. Na4 Qxb4 19. Nd2 Qa5 20. Nc4 Qc7 21. Nd6 Nf8 22. Qxc5 Be6 23. Rd2 Ra7 24. f3 Ng6 25. Qb6 Qxb6+ 26. Nxb6 Rec7 27. a4 Kf8 28. a5 Ne8 29. Ndc4 Ke7 30. Rcd1 f6 31. Ne3 Nf8 32. Nf5+ Kf7 33. Rd8 h5 34. f4 exf4 35. Nd4 g6 36. Nxe6 Nxe6 37. Bc4 N8g7 38. Nc8 Rab7 39. Nd6+ Ke7 40. Nxb7 Rxb7 41. R8d6 Rb4 42. Rxc6 Ra4 43. Rb1 Kd7 44. Bd5 Nc7 45. Rxc7+ Kxc7 46. Rb7+ Kd6 47. Rxg7 g5 48. Rb7 Rxa5 49. Rb6+ Ke5 50. Re6+ Kd4 51. Rxf6 Ke3 52. h3 g4 53. hxg4 hxg4 54. Kh2 Ra1 55. Rb6 a5 56. Bb7 Ra2 57. e5 f3 58. Bxf3 1/2-1/2

[Event "GER-ch 65th"]
[Site "Bad Wildbad"]
[Date "1993.??.??"]
[Round "3"]
[White "Luther, Thomas"]
[Black "Renner, Christoph"]
[Result "1-0"]
[WhiteElo "2480"]
[BlackElo "2385"]
[EventDate "1993.11.??"]
[PlyCount "73"]

1. e4 e5 2. Nf3 Nc6 3. Bb5 a6 4. Ba4 Nf6 5. O-O Be7 6. Re1 b5 7. Bb3 d6 8. c3 O-O 9. h3 Na5 10. Bc2 c5 11. d4 Qc7 12. Nbd2 cxd4 13. cxd4 Bd7 14. Nf1 Rac8 15. Ne3 Nc6 16. d5 Nb4 17. Bb1 a5 18. a3 Na6 19. b4 Kh8 20. Bd2 Qb7 21. g4 g6 22. Bd3 Ne8 23. Kh2 Ng7 24. Rg1 f5 25. gxf5 gxf5 26. exf5 Nxf5 27. Nxf5 Bxf5 28. Bh6 e4 29. Bg7+ Kg8 30. Bxf8+ Kxf8 31. Bxe4 Bxe4 32. Qd4 Bxd5 33. Qh8+ Kf7 34. Rg7+ Kf6 35. Qxh7 Bxf3 36. Qg6+ Ke5 37. Rxe7+ 1-0

[Event "GER-ch 65th"]
[Site "Bad Wildbad"]
[Date "1993.??.??"]
[Round "3"]
[White "Meyer, Ingo"]
[Black "Lochte, Thomas"]
[Result "1/2-1/2"]
[WhiteElo "2280"]
[BlackElo "2265"]
[EventDate "1993.11.??"]
[PlyCount "156"]

1. d4 d5 2. Nf3 c5 3. c3 Nc6 4. e3 cxd4 5. exd4 e6 6. Bf4 Bd6 7. Bxd6 Qxd6 8. Bd3 Bd7 9. Nbd2 Nge7 10. O-O Ng6 11. Re1 O-O 12. Ng5 e5 13. Qh5 h6 14. Nxf7 Kxf7 15. dxe5 Ncxe5 16. Rxe5 Qxe5 17. Qxg6+ Ke7 18. Nf3 Qf6 19. Re1+ Kd8 20. Qg3 Rc8 21. Re5 Rc5 22. h3 g5 23. b4 Rxc3 24. Rxd5 Rc1+ 25. Kh2 Kc8 26. Ne5 Be6 27. Rd6 Rd8 28. Ng6 Rc6 29. Rxc6+ bxc6 30. Ba6+ Kd7 31. Ne5+ Ke8 32. Nxc6 Rd2 33. Qb8+ Kf7 34. Ne5+ Kg7 35. Qxa7+ Kh8 36. Qb8+ Rd8 37. Qc7 Qf4+ 38. Kg1 Rd1+ 39. Bf1 Qc1 40. Qb8+ Kg7 41. Qb7+ Kf6 42. Qb5 Rxf1+ 43. Qxf1 Qxf1+ 44. Kxf1 Kxe5 45. a3 Bc4+ 46. Ke1 Bb5 47. f3 h5 48. Kf2 h4 49. Ke3 Kf5 50. Kd4 Bf1 51. a4 Bxg2 52. b5 Bxf3 53. a5 Ke6 54. a6 Kd6 55. Ke3 Bg2 56. Kf2 Bd5 57. b6 Kc6 58. b7 Kc7 59. Kg1 Kb8 60. Kf2 Ka7 61. Kg1 Be6 62. Kg2 Bd7 63. Kh2 Bb5 64. Kg2 Kb8 65. Kf3 Bd7 66. Kg2 Be6 67. Kh2 Bc4 68. Kg2 Kc7 69. Kf3 Be6 70. Kg2 Bd7 71. Kh2 Bc6 72. Kg1 Bb5 73. Kg2 Bd3 74. Kf3 Bf5 75. Kg2 Be4+ 76. Kf2 Kb8 77. Kg1 Bc2 78. Kg2 Bb3 1/2-1/2

[Event "GER-ch 65th"]
[Site "Bad Wildbad"]
[Date "1993.??.??"]
[Round "3"]
[White "Michaelsen, Nils"]
[Black "Moehring, Guenther"]
[Result "1/2-1/2"]
[WhiteElo "2435"]
[BlackElo "2345"]
[EventDate "1993.11.??"]
[PlyCount "140"]

1. d4 Nf6 2. c4 d6 3. Nc3 Bf5 4. Nf3 Nbd7 5. Nh4 Bg6 6. g3 e5 7. Bg2 exd4 8. Qxd4 c6 9. O-O Qb6 10. Qd2 Be7 11. b3 O-O 12. Na4 Qc7 13. Nxg6 hxg6 14. Ba3 Nb6 15. Nc3 d5 16. Bxe7 Qxe7 17. cxd5 cxd5 18. Qd4 Rfe8 19. Rac1 Rad8 20. Rfd1 Qa3 21. Rc2 Rc8 22. Rcd2 Qa5 23. Rd3 Qc5 24. Qxc5 Rxc5 25. e3 Re7 26. Nxd5 Nbxd5 27. Bxd5 Rc2 28. a4 Rb2 29. Bf3 g5 30. h3 g6 31. R1d2 Rb1+ 32. Kg2 Rc7 33. e4 Re1 34. Rd1 Rxd1 35. Rxd1 Nd7 36. Rd5 f6 37. Be2 Kg7 38. Bc4 Ne5 39. Rd4 Nc6 40. Rd6 Ne5 41. Bd5 b6 42. Rd8 Rc2 43. Ra8 a5 44. Ra7+ Kh8 45. Rb7 Nd3 46. Rxb6 Nxf2 47. Kf1 Nd1 48. g4 f5 49. exf5 gxf5 50. Bf3 Rf2+ 51. Ke1 Rxf3 52. Kxd1 f4 53. Rb5 Rxh3 54. Rxg5 Rxb3 55. Rxa5 f3 56. Ke1 Rb4 57. g5 Kg7 58. Kf2 Rb3 59. Ra6 Ra3 60. a5 Kf7 61. Rf6+ Kg7 62. Ra6 Rc3 63. Kg3 Ra3 64. Ra8 Kh7 65. a6 Kg7 66. a7 f2+ 67. Kxf2 Ra1 68. Ke3 Ra2 69. g6 Ra1 70. Kd4 Ra2 1/2-1/2

[Event "GER-ch 65th"]
[Site "Bad Wildbad"]
[Date "1993.??.??"]
[Round "3"]
[White "Niermann, Michael"]
[Black "Berndt, Klaus"]
[Result "1-0"]
[WhiteElo "2215"]
[BlackElo "2285"]
[EventDate "1993.11.??"]
[PlyCount "71"]

1. Nf3 Nf6 2. g3 d5 3. Bg2 Bg4 4. O-O c6 5. d3 Nbd7 6. c4 e6 7. h3 Bh5 8. Be3 Bd6 9. Qb3 Qc7 10. cxd5 Nxd5 11. Bd2 a5 12. Nc3 O-O 13. Rac1 Nc5 14. Qc2 Rfc8 15. Nxd5 exd5 16. Nd4 Ne6 17. Nxe6 fxe6 18. e4 Qb6 19. Be3 d4 20. Bd2 e5 21. f4 Qb5 22. a4 Qb6 23. fxe5 Bc7 24. Bf4 Bf7 25. Rf2 Bb3 26. Qe2 Re8 27. Qh5 Bf7 28. Qg5 h6 29. Qg4 Be6 30. Qe2 Bb3 31. Qh5 Bf7 32. Qf3 Be6 33. Rcf1 Qb4 34. Qh5 Qe7 35. Bxh6 gxh6 36. Rf6 1-0

[Event "GER-ch 65th"]
[Site "Bad Wildbad"]
[Date "1993.??.??"]
[Round "3"]
[White "Paehtz, Thomas Sr"]
[Black "Pirrot, Dieter"]
[Result "1-0"]
[WhiteElo "2470"]
[BlackElo "2400"]
[EventDate "1993.11.??"]
[PlyCount "97"]

1. d4 Nf6 2. c4 e5 3. dxe5 Ng4 4. Nf3 Bc5 5. e3 Nc6 6. Be2 O-O 7. O-O Ngxe5 8. Nc3 Re8 9. Nd4 Ne7 10. a3 d6 11. b4 Bxd4 12. exd4 N5g6 13. Bf3 Be6 14. Bxb7 Rb8 15. Bd5 Bxd5 16. cxd5 Nf5 17. Qg4 Qf6 18. Be3 h5 19. Qxh5 Nxd4 20. Qd1 Nf5 21. Rc1 a6 22. Qh5 Qe5 23. Bd2 Nd4 24. Qxe5 Nxe5 25. Be3 Nf5 26. Nd1 Rb7 27. h3 Ne7 28. Nc3 Nc4 29. Ra1 Nf5 30. Bc1 Nd4 31. Ra2 a5 32. Rd1 axb4 33. axb4 Rxb4 34. Rxd4 Re1+ 35. Kh2 Rxc1 36. Ra8+ Kh7 37. Rh4+ Kg6 38. Rg4+ Kh7 39. Na2 Rbb1 40. Nxc1 Rxc1 41. Ra2 f5 42. Rf4 Kg6 43. Re2 Ne5 44. Rd4 Kf7 45. Rdd2 Rc5 46. Rc2 Rxd5 47. Rxc7+ Kf6 48. Rcc2 f4 49. Red2 1-0

[Event "GER-ch 65th"]
[Site "Bad Wildbad"]
[Date "1993.??.??"]
[Round "3"]
[White "Riegler, Dieter"]
[Black "Kindl, Peter"]
[Result "0-1"]
[WhiteElo "2240"]
[BlackElo "2335"]
[EventDate "1993.11.??"]
[PlyCount "64"]

1. d4 Nf6 2. c4 g6 3. Nc3 d5 4. Nf3 Bg7 5. Bg5 dxc4 6. e4 O-O 7. Bxc4 Bg4 8. Qd2 Nfd7 9. Be2 Nb6 10. Rd1 Nc6 11. d5 Bxf3 12. gxf3 Nd4 13. Bh6 Nc4 14. Qc1 Nxe2 15. Kxe2 Bxh6 16. Qxh6 Nxb2 17. Rb1 Nc4 18. h4 f6 19. h5 g5 20. Rhg1 Kh8 21. f4 Nd6 22. fxg5 Nf7 23. Qxf8+ Qxf8 24. g6 Ng5 25. f4 Qh6 26. fxg5 Qxh5+ 27. Kd3 fxg5 28. gxh7 c6 29. Rg3 cxd5 30. Nxd5 Rd8 31. Ke3 e6 32. Nc3 g4 0-1

[Event "GER-ch 65th"]
[Site "Bad Wildbad"]
[Date "1993.??.??"]
[Round "3"]
[White "Schmidt Schaeffer, Sebastian"]
[Black "Muse, Mladen"]
[Result "1/2-1/2"]
[WhiteElo "2275"]
[BlackElo "2485"]
[EventDate "1993.11.??"]
[PlyCount "111"]

1. e4 c5 2. Nf3 Nc6 3. d4 cxd4 4. Nxd4 Nf6 5. Nc3 e5 6. Ndb5 d6 7. Bg5 a6 8. Na3 b5 9. Bxf6 gxf6 10. Nd5 f5 11. Bd3 Be6 12. O-O Bg7 13. Qh5 f4 14. c3 O-O 15. Nc2 f5 16. a4 bxa4 17. Rxa4 a5 18. c4 Qd7 19. Rfa1 Rab8 20. b4 Bxd5 21. cxd5 Nxb4 22. Nxb4 Rxb4 23. Rxb4 axb4 24. Rb1 Qa7 25. exf5 Qd4 26. Qf3 Bf6 27. Qe4 Qxe4 28. Bxe4 Rc8 29. g3 Rc4 30. f3 fxg3 31. hxg3 Bg5 32. Kg2 Kf7 33. Ra1 Be3 34. Ra8 h6 35. Rb8 Bc5 36. Rb7+ Kf6 37. Rh7 Be3 38. Rd7 Bc5 39. Rh7 b3 40. Rxh6+ Kg7 41. Rh1 b2 42. Rb1 Rb4 43. Kf1 Be3 44. Ke2 Bc1 45. Kd3 Kf6 46. Kc3 Rb8 47. Kc2 Rg8 48. g4 Rc8+ 49. Kb3 Kg5 50. Kb4 Kf4 51. Kb5 Rc5+ 52. Kb4 Kg5 53. Kb3 Kf6 54. Kb4 Rc8 55. Kb5 Ke7 56. Kb4 1/2-1/2

[Event "GER-ch 65th"]
[Site "Bad Wildbad"]
[Date "1993.??.??"]
[Round "3"]
[White "Siepelt, Heiner"]
[Black "Voekler, Bernd"]
[Result "1/2-1/2"]
[WhiteElo "2320"]
[BlackElo "2335"]
[EventDate "1993.11.??"]
[PlyCount "26"]

1. e4 c5 2. Nc3 d6 3. g3 Nc6 4. Bg2 g6 5. d3 Bg7 6. f4 e6 7. Nf3 Nge7 8. O-O O-O 9. Be3 b6 10. Rb1 d5 11. Bd2 f5 12. e5 h6 13. a3 a5 1/2-1/2

[Event "GER-ch 65th"]
[Site "Bad Wildbad"]
[Date "1993.??.??"]
[Round "3"]
[White "Stolz, Mike"]
[Black "Zeller, Frank"]
[Result "1/2-1/2"]
[WhiteElo "2280"]
[BlackElo "2290"]
[EventDate "1993.11.??"]
[PlyCount "118"]

1. e4 c5 2. Nf3 d6 3. d4 cxd4 4. Nxd4 Nf6 5. Nc3 Nc6 6. Bg5 a6 7. Qd2 e6 8. O-O-O Bd7 9. f4 h6 10. Bh4 g5 11. fxg5 Ng4 12. Nf3 hxg5 13. Bg3 Be7 14. Be2 Nge5 15. Rdf1 b5 16. Rf2 Qa5 17. Bxe5 dxe5 18. Kb1 f6 19. h4 O-O-O 20. g4 Be8 21. Qe1 Bg6 22. h5 Bh7 23. Bd3 Rd7 24. Nd2 Qb6 25. Nb3 Rhd8 26. a3 Nd4 27. Nxd4 Rxd4 28. Qe2 Kb8 29. Na2 Qb7 30. Re1 a5 31. Nc1 a4 32. c3 R4d6 33. Bc2 Qd7 34. Qf1 Qc6 35. Rfe2 Rd2 36. Qf2 R2d7 37. Re3 Bc5 38. Qxf6 Bxe3 39. Qxe5+ Qc7 40. Qxc7+ Kxc7 41. Rxe3 Rd2 42. Ne2 e5 43. c4 bxc4 44. Nc3 Rf2 45. Bxa4 Rdd2 46. Nd1 Rf4 47. Bc2 Rxg4 48. Rc3 Rd4 49. Ne3 Rg1+ 50. Ka2 Kb6 51. Nd5+ Rxd5 52. exd5 Bg8 53. Rh3 g4 54. Rh4 Bxd5 55. h6 c3+ 56. b3 Rg2 57. Kb1 Rg1+ 58. Ka2 Rg2 59. Kb1 Rg1+ 1/2-1/2

[Event "GER-ch 65th"]
[Site "Bad Wildbad"]
[Date "1993.??.??"]
[Round "4"]
[White "Berndt, Klaus"]
[Black "Meyer, Ingo"]
[Result "1-0"]
[WhiteElo "2285"]
[BlackElo "2280"]
[EventDate "1993.11.??"]
[PlyCount "39"]

1. d4 d5 2. c4 e5 3. dxe5 d4 4. Nf3 Nc6 5. g3 Bg4 6. Bg2 Qd7 7. Nbd2 O-O-O 8. h3 Bf5 9. a3 Nge7 10. Qa4 Kb8 11. b4 Ng6 12. Bb2 Be7 13. b5 Ncxe5 14. Nxd4 Rhe8 15. N2b3 Bf8 16. O-O-O Qc8 17. Na5 c6 18. bxc6 b6 19. c7+ Qxc7 20. Nac6+ 1-0

[Event "GER-ch 65th"]
[Site "Bad Wildbad"]
[Date "1993.??.??"]
[Round "4"]
[White "Espig, Lutz"]
[Black "Moehring, Guenther"]
[Result "1-0"]
[WhiteElo "2455"]
[BlackElo "2345"]
[EventDate "1993.11.??"]
[PlyCount "51"]

1. Nf3 d5 2. c4 c6 3. d4 Nf6 4. cxd5 cxd5 5. Nc3 Nc6 6. Bf4 Bf5 7. e3 a6 8. Ne5 Qb6 9. a3 e6 10. Be2 Nxe5 11. Bxe5 Bd6 12. Na4 Qd8 13. Nc5 Bxe5 14. dxe5 Nd7 15. Nxb7 Qg5 16. Nd6+ Ke7 17. Kf1 Bg6 18. f4 Qh6 19. Qd4 Rhb8 20. Rc1 f6 21. Rc7 fxe5 22. Qa4 Rd8 23. Qb4 Kf6 24. g4 Qh3+ 25. Kf2 exf4 26. g5+ 1-0